Archivmaterialien zu Andreas Schellhorn, 1761-1845

Saved in:  
Bibliographic Details
Main Author: Schellhorn, Andreas 1761-1845 (Author)
Format: Electronic Archival Collections
Language:German
Check availability: HBZ Gateway
In:Year: 2019
Online Access: Archivdatenbank (Kalliope Verbundkatalog)

MARC

LEADER 00000npc a22000002 4500
001 LR119473836
003 PipeLineGenerated
005 20260417054436.0
008 190606s2019 xx ||||| 00| ||ger c
100 |a Schellhorn, Andreas  |0 (DE-588)119473836  |0 (DE-627)080288685  |d 1761-1845 
245 |a Archivmaterialien zu Andreas Schellhorn, 1761-1845 
856 |u https://kalliope-verbund.info/gnd/119473836  |3 Archivdatenbank (Kalliope Verbundkatalog) 
BIB |a 1  |o create_literary_remains_records 
ELC |a 1 
SUB |a BIB